Capitals - Sudden Death - Statistics

General Stats
  • This quiz has been taken 204 times
  • The average score is 9 of 12
Answers on the Grid
Answers color-coded by a green-red scale on the quiz's grid according to % correct below.
Fez
Berlin
Istanbul
Ankara
Manama
Saint Petersburg
Gaborone
Toronto
Thessaloniki
Maseru
Karlovac
Andorra la Vella
Mexico City
Sao Paulo
Reykjavik
Shanghai
Hyderabad
Belgrade
Jakarta
Dublin
Moscow
 
Answer Stats
Answer % Correct
Berlin
96%
Dublin
85%
Moscow
85%
Mexico City
83%
Andorra la Vella
81%
Ankara
81%
Jakarta
79%
Reykjavik
79%
Belgrade
78%
Manama
70%
Maseru
64%
Gaborone
61%
No matching quizzes found
Score Distribution
Percent of People with Each Score
Percentile by Number Answered
Your Score History
You have not taken this quiz